A Study Of The Role Of Spatial From In Four Of Charles Dicken's Novels / (رقم التسجيلة. 175903)

تفاصيل مارك
000 -LEADER
fixed length control field 01178namaa22003011i 4500
005 - أخر تعامل مع التسجيلة
control field 20260210125537.0
008 - FIXED-LENGTH DATA ELEMENTS--GENERAL INFORMATION
fixed length control field 251116s1996 ua a|||frm||| 000 0 eng d
040 ## - CATALOGING SOURCE
Original cataloguing agency EG-GICUC
Language of cataloging eng
Transcribing agency EG-GICUC
Modifying agency EG-GICUC
Description conventions rda
041 0# - LANGUAGE CODE
Language code of text/sound track or separate title eng
Language code of summary or abstract eng
-- ara
049 ## - Acquisition Source
Acquisition Source Deposit
097 ## - Degree
Degree Ph.D
099 ## - LOCAL FREE-TEXT CALL NUMBER (OCLC)
Local Call Number Cai01.02.12.Ph.D.1996.Ce.S.
100 0# - MAIN ENTRY--PERSONAL NAME
Authority record control number or standard number Cecile Raafat Tewfik,
Preparation preparation.
245 10 - TITLE STATEMENT
Title A Study Of The Role Of Spatial From In Four Of Charles Dicken's Novels /
Statement of responsibility, etc. By Cecile Raafat Tewfik; Under The Supervision Of Prof.Angele Botros Samaan.
246 15 - VARYING FORM OF TITLE
Title proper/short title دراسة دور الفضاء في أربعة من روايات تشارلز ديكنز
264 #0 - PRODUCTION, PUBLICATION, DISTRIBUTION, MANUFACTURE, AND COPYRIGHT NOTICE
Date of production, publication, distribution, manufacture, or copyright notice 1996.
300 ## - PHYSICAL DESCRIPTION
Extent 311 Leaves :
Other physical details illustrations ;
Dimensions 30 cm. +
336 ## - CONTENT TYPE
Source rda content
Content type term text
337 ## - MEDIA TYPE
Source rdamedia
Media type term Unmediated
338 ## - CARRIER TYPE
Source rdacarrier
Carrier type term volume
502 ## - DISSERTATION NOTE
Dissertation note Thesis (Ph.D)-Cairo University, 1996.
504 ## - BIBLIOGRAPHY, ETC. NOTE
Bibliography, etc. note Bibliography: pages 294-311.
653 #0 - INDEX TERM--UNCONTROLLED
Uncontrolled term English
700 0# - ADDED ENTRY--PERSONAL NAME
Personal name Angele Botros Samaan
Relator term thesis advisor.
900 ## - Thesis Information
Department Department of English
Faculties Faculty of Arts
Universities Cairo University
Grant date 1996
Supervisory body Angele Botros Samaan
905 ## - Cataloger and Reviser Names
Cataloger Name Eman El gebaly
Reviser Names Nourhan
942 ## - ADDED ENTRY ELEMENTS (KOHA)
Source of classification or shelving scheme Dewey Decimal Classification
Koha item type Thesis
Edition 21
Suppress in OPAC No
المقتنيات
Source of classification or shelving scheme Home library Current library Date acquired Inventory number Full call number Barcode Date last seen Effective from Koha item type
Dewey Decimal Classification المكتبة المركزبة الجديدة - جامعة القاهرة مكتبة المئوية 16.11.2025 27809 Cai01.02.12.Ph.D.1996.Ce.S. 01010110027809000 16.11.2025 16.11.2025 Thesis
Cairo University Libraries Portal Implemented & Customized by: Eng. M. Mohamady Contacts: new-lib@cl.cu.edu.eg | cnul@cl.cu.edu.eg
CUCL logo CNUL logo
© All rights reserved — Cairo University Libraries
CUCL logo
Implemented & Customized by: Eng. M. Mohamady Contact: new-lib@cl.cu.edu.eg © All rights reserved — New Central Library
CNUL logo
Implemented & Customized by: Eng. M. Mohamady Contact: cnul@cl.cu.edu.eg © All rights reserved — Cairo National University Library